Влияние температуры изотермического нагружения на закономерности проявления обратимой неупругой деформации в крупнозернистом сплаве; Перспективные материалы с иерархической структурой для новых технологий и надежных конструкций

Détails bibliographiques
Parent link:Перспективные материалы с иерархической структурой для новых технологий и надежных конструкций.— 2017.— [С. 361-362]
Collectivité auteur: Национальный исследовательский Томский политехнический университет (ТПУ)
Autres auteurs: Жапова Д. Ю., Гришков В. Н., Лотков А. И., Гусаренко А. А., Родионов И. С.
Résumé:Заглавие с экрана
Langue:russe
Publié: 2017
Collection:Научные основы разработки материалов с многоуровневой иерархической структурой, в том числе для экстремальных условий эксплуатации
Sujets:
Accès en ligne:http://www.ispms.ru/files/Conference/2017_m/sb_tez_2017.pdf#page=361
Format: Électronique Chapitre de livre
KOHA link:https://koha.lib.tpu.ru/cgi-bin/koha/opac-detail.pl?biblionumber=657008

MARC

LEADER 00000nla2a2200000 4500
001 657008
005 20231101134942.0
035 |a (RuTPU)RU\TPU\network\23488 
035 |a RU\TPU\network\23487 
090 |a 657008 
100 |a 20171225d2017 k y0rusy50 ca 
101 0 |a rus 
102 |a RU 
105 |a a z 101zy 
135 |a drgn ---uucaa 
181 0 |a i  
182 0 |a b 
200 1 |a Влияние температуры изотермического нагружения на закономерности проявления обратимой неупругой деформации в крупнозернистом сплаве  |f Д. Ю. Жапова [и др.] 
203 |a Текст  |c электронный 
225 1 |a Научные основы разработки материалов с многоуровневой иерархической структурой, в том числе для экстремальных условий эксплуатации 
300 |a Заглавие с экрана 
463 1 |0 (RuTPU)RU\TPU\network\23304  |t Перспективные материалы с иерархической структурой для новых технологий и надежных конструкций  |o тезисы докладов Международной конференции, 9-13 октября 2017 г., Томск  |f Российская академия наук (РАН), Сибирское отделение (СО), Институт физики прочности и материаловедения (ИФПМ)  |v [С. 361-362]  |d 2017 
610 1 |a электронный ресурс 
610 1 |a труды учёных ТПУ 
610 1 |a температура 
610 1 |a изотермическое нагружение 
610 1 |a неупругие деформации 
610 1 |a сплавы 
610 1 |a пластические деформации 
610 1 |a пластическое течение 
610 1 |a рентгеноструктурный анализ 
701 1 |a Жапова  |b Д. Ю. 
701 1 |a Гришков  |b В. Н. 
701 1 |a Лотков  |b А. И. 
701 1 |a Гусаренко  |b А. А. 
701 1 |a Родионов  |b И. С. 
712 0 2 |a Национальный исследовательский Томский политехнический университет (ТПУ)  |c (2009- )  |2 stltpush  |3 (RuTPU)RU\TPU\col\15902 
801 1 |a RU  |b 63413507  |c 20101016 
801 2 |a RU  |b 63413507  |c 20171225  |g RCR 
856 4 |u http://www.ispms.ru/files/Conference/2017_m/sb_tez_2017.pdf#page=361 
942 |c CF